Homeowner housing equity through the downturn (Record no. 81439)
[ view plain ]
| 000 -LEADER | |
|---|---|
| fixed length control field | 00947cad a22002055a 4500 |
| 001 - CONTROL NUMBER | |
| control field | L147223 |
| 008 - FIXED-LENGTH DATA ELEMENTS--GENERAL INFORMATION | |
| fixed length control field | 090417s2009 xxka g s 000 0 eng d |
| 035 ## - SYSTEM CONTROL NUMBER | |
| System control number | (Sirsi) u147223 |
| 041 0# - LANGUAGE CODE | |
| Language code of text/sound track or separate title | eng |
| 110 2# - MAIN ENTRY--CORPORATE NAME | |
| Corporate name or jurisdiction name as entry element | Council of Mortgage Lenders |
| 9 (RLIN) | 5903 |
| 245 00 - TITLE STATEMENT | |
| Title | Homeowner housing equity through the downturn |
| Remainder of title | technical note |
| Medium | [electronic resource] |
| 260 ## - PUBLICATION, DISTRIBUTION, ETC. | |
| Date of publication, distribution, etc. | 2009 |
| 490 #0 - SERIES STATEMENT | |
| Series statement | Housing Finance |
| Volume/sequential designation | (1) 2009 |
| 520 ## - SUMMARY, ETC. | |
| Summary, etc. | Describes the methodology the Council of Mortgage Lenders used to estimate the numbers of mortgaged homeowners in negative equity in the UK used in the analysis presented in "Homeowner Housing Equity Through the Downturn" (see L147222). |
| 590 ## - LOCAL NOTE (RLIN) | |
| Local note | KA NTK |
| 651 #4 - SUBJECT ADDED ENTRY--GEOGRAPHIC NAME | |
| Geographic name | United Kingdom |
| Chronological subdivision | |
| 690 ## - LOCAL SUBJECT ADDED ENTRY--TOPICAL TERM (OCLC, RLIN) | |
| Topical term or geographic name as entry element | PROPERTY-RESIDENTIAL PROPERTY-RESIDENTIAL PROPERTY MARKET |
| 856 40 - ELECTRONIC LOCATION AND ACCESS | |
| Uniform Resource Identifier | <a href="https://www.cml.org.uk/cml/filegrab/01a2009Housingequity-technicalnote.pdf?ref=6361">https://www.cml.org.uk/cml/filegrab/01a2009Housingequity-technicalnote.pdf?ref=6361</a> |
| Public note | View the document free of charge at www.cml.org.uk |
| 942 ## - ADDED ENTRY ELEMENTS (KOHA) | |
| Suppress in OPAC | 0 |
| Withdrawn status | Lost status | Source of classification or shelving scheme | Damaged status | Not for loan | Home library | Current library | Shelving location | Date acquired | Total Checkouts | Full call number | Barcode | Date last seen | Copy number | Price effective from | Koha item type |
|---|---|---|---|---|---|---|---|---|---|---|---|---|---|---|---|
| Dewey Decimal Classification | Virtual | Virtual | Online | 17/04/2009 | ONLINE PUBLICATION | 147223-1001 | 06/08/2019 | 1 | 06/08/2019 | Journal article |